00423 2200157 4500001002100000005001500021035002000036245007700056100002500133300001200158260003900170082000800209084001400217020002200231990001200253INLIS00000000000317320251127092831 a0010-11250000341 aSang Pengawas Pemilu Kabupaten Tegal 2004 - 2019 /cHarpendi Dwi Pratiwi0 aHarpendi Dwi Pratiwi a148 hlm aTegal :bBawaslu Kab. Tegal,c2022 a324 a324 HAR s a978-623-92060-1-7 a0754536